| 000 | 00936 a2200169 4500 | ||
|---|---|---|---|
| 003 | NUST | ||
| 005 | 20221206182842.0 | ||
| 040 | _cNust | ||
| 082 | _a297,ALI | ||
| 100 |
_aAli,Syed Ameer _99187 |
||
| 245 |
_aThe sprit of Islam / _cSyed Ameer Ali |
||
| 260 |
_akarachi _bPak Publishers,Limited _c1969 |
||
| 300 | _a412:p.: | ||
| 505 | _aIntroduction (Page-Xv), The Life And Ministry Of Prophet (Page-1), The Hegira (Page-33), The Prophet At Madina (Page-41), Hostility Of The Koraish And Jews (Page-45), The Invasion Of Madina (Page-54), The Prophet’s Clemency (Page-68), The Diffusion Of The Faith (Page-75), The Year Of Deputations (Page-82), The Spirit Of Islam (Page-111), The Idea Of Future Life In Islam (Page-153),The Church Militant Of Islam (Page-166), The Status Of Women Islam (Page-181), Bondage Is Islam (Page-211), Idealistic And Mystical Spirit In Islam (Page-455). | ||
| 650 | _a Islam | ||
| 942 |
_2ddc _cBK _k297,ALI |
||
| 999 |
_c184985 _d184985 |
||